Home inspectors' practice (Record no. 105318)

MARC details
000 -LEADER
fixed length control field 01667cam a2200253 4500
001 - CONTROL NUMBER
control field ##L133073
008 - FIXED-LENGTH DATA ELEMENTS--GENERAL INFORMATION
fixed length control field 060407n2005 000 0 eng u
020 ## - INTERNATIONAL STANDARD BOOK NUMBER
International Standard Book Number 1904388582
035 ## - SYSTEM CONTROL NUMBER
System control number (Sirsi) u133073
041 0# - LANGUAGE CODE
Language code of text/sound track or separate title eng
050 04 - LIBRARY OF CONGRESS CALL NUMBER
Classification number 333.33 $2 18
100 1# - MAIN ENTRY--PERSONAL NAME
Personal name Elder, Ben
245 00 - TITLE STATEMENT
Title Home inspectors' practice
260 ## - PUBLICATION, DISTRIBUTION, ETC.
Place of publication, distribution, etc. Reading
Name of publisher, distributor, etc. College of Estate Management
Date of publication, distribution, etc. 2005
300 ## - PHYSICAL DESCRIPTION
Extent 1 v (loose - leaf)
Other physical details tables
Dimensions 31cm. + 1 book
350 ## - PRICE (NR) (BK AM CF MU VM SE) [OBSOLETE]
Price 125
490 #0 - SERIES STATEMENT
Series statement (College of Estate Management Distance Learning Study Material for Licensed Home Inspectors
Volume/sequential designation LHI4)
505 2# - FORMATTED CONTENTS NOTE
Formatted contents note Background to the legislation Housing Act 2004 -- Part 5 of the Housing Act -- The qualification, the National Occupational Standards and the licensing process -- The duties, roles and responsibilities of a Home Inspector -- The terms and conditions of engagement -- The Home Condition Report -- The National Occupational Standards for Home Inspectors -- Guidance documentation -- Energy rating.
520 ## - SUMMARY, ETC.
Summary, etc. Focuses on the specific issues associated with the role of Licensed Home Inspector. It provides a background to the legislation and introduces terms of engagement and guidance relating to Home Inspectors. Non-compulsory tasks are incorporated into the text which are designed to be included in portfolios of evidence to assessment centres, and help to demonstrate knowledge and understanding of the relevant parts of the National Occupational Standards.
520 ## - SUMMARY, ETC.
Summary, etc. Includes "Home Inspector's Handbook" (ISBN 1842192035)
690 ## - LOCAL SUBJECT ADDED ENTRY--TOPICAL TERM (OCLC, RLIN)
Topical term or geographic name as entry element PROPERTY-RESIDENTIAL PROPERTY-ACQUISITION AND DISPOSAL OF RESIDENTIAL PROPERTY-HOME BUYING REFORM
942 ## - ADDED ENTRY ELEMENTS (KOHA)
Suppress in OPAC 0
Holdings
Withdrawn status Lost status Source of classification or shelving scheme Damaged status Not for loan Home library Current library Shelving location Date acquired Cost, normal purchase price Total Checkouts Full call number Barcode Date last seen Date last checked out Copy number Cost, replacement price Price effective from Koha item type
    Dewey Decimal Classification     London London Enquiry desk 02/05/2006 106.25 4 ENQUIRY DESK 30072911 06/08/2019 09/04/2008 5 106.25 06/08/2019 Audio
    Dewey Decimal Classification     London London Enquiry desk 02/05/2006 106.25 2 ENQUIRY DESK 30072912 06/08/2019 23/05/2006 6 106.25 06/08/2019 Audio